| 000 | 01317nam0a22003131 4500 | ||
|---|---|---|---|
| 001 | rc\2578639 | ||
| 005 | 20260406095621.0 | ||
| 035 | _a(NLR Aleph) 006743187 | ||
| 090 |
_a5666234 _c5666234 |
||
| 100 | _a20110914d1928 |||y0rusy50 ca | ||
| 101 | 0 | _arus | |
| 102 | _aRU | ||
| 105 | _ay z |||a| | ||
| 200 | 1 |
_aГорные орлы _dMaryna z Hrubego _eРоман _fКазимир Тетмайер _gОбработка и примеч. С. Розенталя _gПредисл. Т. Домбаль _gОбложка художника С. Лодыгина |
|
| 210 |
_aМосква _cакц. издат. о-во Земля и фабрика (ЗиФ) _d1928 _gтип. Госиздата "Красный пролетарий" |
||
| 215 |
_a143 с. _d21х14 см. |
||
| 225 | 1 |
_aБиблиотека исторических романов _v№ 21 |
|
| 300 | _aПрилож. к журн. "30 дней" в 1928 г. | ||
| 510 | 0 | _aMaryna z Hrubego | |
| 700 | 1 |
_4070 _7ca _8rus _aТетмайер _bК. _f1865-1940 _gКазимеж _955842 _3RU\NLR\AUTH\7772914 |
|
| 702 | 1 |
_aДомбаль _bТ. _4080 |
|
| 702 | 1 |
_aЛодыгин _bС. _4440 |
|
| 702 | 1 |
_aРозенталь _bС. _4340 _4080 |
|
| 801 | 0 |
_aRU _bNLR _gpsbo |
|
| 801 | 1 |
_aRU _bELAR _2rusmarc |
|
| 852 |
_aNLR _j44/99(21) |
||
| 942 | _cBOOK | ||
| 980 | _aNB | ||